00626nam a2200193Ia 4500008004100000020000700041082002100048100002100069245005300090250000700143260003800150300002700188500001900215600002700234650001500261942000700276952013400283999001500417240925s9999 xx 000 0 und d aNA a620.00420285 LEI aLeigh, Ronald W. 0aAutoCAD a Concise Guide to Commands and Features aNA aIndia:bGalgotia Publ Indc,1996. axix,933p.bNAfPirated aIncludes Index aEngineering Technology aTechnology cBK 011040708ETaUITUbUITUd1996-12-03ePrince Book Depog165.00l0o620.00420285 LEIpQ0853r2024-09-25 07:12:14w2024-09-25yBK c3352d3352